Data Mining Concepts and Techniques (Record no. 5244)

MARC details
000 -LEADER
fixed length control field 00376nam a2200145Ia 4500
008 - FIXED-LENGTH DATA ELEMENTS--GENERAL INFORMATION
fixed length control field 191201s2012 xx 000 0 und d
082 ## - DEWEY DECIMAL CLASSIFICATION NUMBER
Classification number 006.3
Item number HAD
100 ## - MAIN ENTRY--PERSONAL NAME
Personal name HAN,Jiawei
245 #0 - TITLE STATEMENT
Title Data Mining Concepts and Techniques
250 ## - EDITION STATEMENT
Edition statement 2nd Rep
260 ## - PUBLICATION, DISTRIBUTION, ETC. (IMPRINT)
Place of publication, distribution, etc N. Delhi
Name of publisher, distributor, etc Morgam Kaufmann Publshers, Elsevier
Date of publication, distribution, etc 2012
300 ## - PHYSICAL DESCRIPTION
Extent 701
650 ## - SUBJECT ADDED ENTRY--TOPICAL TERM
Topical term or geographic name as entry element M.Tech(CSE)
942 ## - ADDED ENTRY ELEMENTS (KOHA)
Source of classification or shelving scheme Dewey Decimal Classification
Koha item type Text Books
Holdings
Withdrawn status Lost status Source of classification or shelving scheme Damaged status Not for loan Collection code Home library Current library Date acquired Source of acquisition Cost, normal purchase price Bill Number Total Checkouts Full call number Acc. no. / Barcode Date last seen Bill Date Koha item type Date last borrowed
    Dewey Decimal Classification     B.Tech(CSE) PIET C-LIBRARY PIET C-LIBRARY 05/07/2012 IBH, New Delhi 450.00 4865   006.3 HAD 19350 04/12/2019 03/07/2012 Text Books  
    Dewey Decimal Classification     B.Tech(CSE) PIET C-LIBRARY PIET C-LIBRARY 05/07/2012 IBH, New Delhi 450.00 4865 2 006.3 HAD 19351 14/10/2024 03/07/2012 Text Books 03/10/2024
    Dewey Decimal Classification     B.Tech(CSE) PIET C-LIBRARY PIET C-LIBRARY 05/07/2012 IBH, New Delhi 450.00 4865   006.3 HAD 19352 04/12/2019 03/07/2012 Text Books  
    Dewey Decimal Classification     B.Tech(CSE) PIET C-LIBRARY PIET C-LIBRARY 05/07/2012 IBH, New Delhi 450.00 4865 2 006.3 HAD 19353 14/10/2024 03/07/2012 Text Books 03/10/2024
    Dewey Decimal Classification     B.Tech(CSE) PIET C-LIBRARY PIET C-LIBRARY 05/07/2012 IBH, New Delhi 450.00 4865 1 006.3 HAD 19354 30/07/2020 03/07/2012 Text Books 07/03/2020

Design & Developed by: PIET Central Library
R70 Miles Stone Pattikalyana Samalkha Panipat 132102
mail ID :- [email protected], Phone No:- 0180-2569700 Ex.216